| 000 | 02433cam a2200493 i 4500 | ||
|---|---|---|---|
| 999 |
_c8281 _d8281 |
||
| 001 | 17821191 | ||
| 003 | GZU | ||
| 005 | 20210519094323.0 | ||
| 008 | 130719s2014 enk b 001 0 eng d | ||
| 010 | _a 2013945732 | ||
| 016 | 7 |
_a016584342 _2Uk |
|
| 020 | _a9780198701880 (pbk.) | ||
| 020 | _a0198701888 (pbk.) | ||
| 020 | _a9780198701668 | ||
| 020 | _a0198701667 | ||
| 035 | _a(OCoLC)ocn861207250 | ||
| 040 |
_aBTCTA _beng _cBTCTA _erda _dBDX _dUKMGB _dYDXCP _dCDX _dDEBBG _dCUD _dCUS _dNGU _dDLC |
||
| 042 | _alccopycat | ||
| 050 | 0 | 0 |
_aP140 _b.H87 2014 |
| 082 | 0 | 0 |
_a417/.7 _223 |
| 084 |
_aES 415 _2rvk |
||
| 084 |
_aES 400 _2rvk |
||
| 100 | 1 |
_aHurford, James R., _eauthor. |
|
| 245 | 1 | 4 |
_aThe origins of language : _ba slim guide / _cJames R. Hurford. |
| 250 | _aFirst edition. | ||
| 264 | 1 |
_aOxford, United Kingdom : _bOxford University Press, _c2014. |
|
| 300 |
_a173 pages ; _c22 cm. |
||
| 336 |
_atext _btxt _2rdacontent |
||
| 337 |
_aunmediated _bn _2rdamedia |
||
| 338 |
_avolume _bnc _2rdacarrier |
||
| 504 | _aIncludes bibliographical references (page 166) and index. | ||
| 505 | 0 | _aThe prehistory of a very special ape -- Nature, nurture, and language -- How trusted talk started -- Concepts before language -- Building powerful grammar engines -- Pronunciation gets complex. | |
| 650 | 0 |
_aLanguage and languages _xOrigin. |
|
| 650 | 0 | _aHistorical linguistics. | |
| 776 | 0 | 8 |
_iOnline version: _aHurford, James R. _tOrigins of language. _bFirst edition. _dOxford, [England] : Oxford University Press, 2014 _w(OCoLC)878148532 |
| 856 | 4 |
_uhttp://bvbr.bib-bvb.de:8991/F?func=service&doc_library=BVB01&local_base=BVB01&doc_number=026996159&line_number=0001&func_code=DB_RECORDS&service_type=MEDIA _zKlappentext |
|
| 856 | 4 |
_uhttp://bvbr.bib-bvb.de:8991/F?func=service&doc_library=BVB01&local_base=BVB01&doc_number=026996159&line_number=0002&func_code=DB_RECORDS&service_type=MEDIA _zInhaltsverzeichnis |
|
| 856 | 4 | 2 |
_3Contributor biographical information _uhttp://www.loc.gov/catdir/enhancements/fy1410/2013945732-b.html |
| 856 | 4 | 2 |
_3Publisher description _uhttp://www.loc.gov/catdir/enhancements/fy1410/2013945732-d.html |
| 856 | 4 | 1 |
_3Table of contents only _uhttp://www.loc.gov/catdir/enhancements/fy1410/2013945732-t.html |
| 906 |
_a7 _bcbc _ccopycat _d2 _eepcn _f20 _gy-gencatlg |
||
| 942 |
_2lcc _cBK _h140 _iHUR _kP _m2014 |
||